009280000a22002770004500003001100000005001700011008004100028020001500069022001300084040003900097041000800136082001300144100002200157242004900179245008200228260005300310300006300363650003700426650001800463650001500481650001600496700003000512942000700542952008800549999001300637LK-CoMWRAF20231113100142.0230817t2001 ||||| |||| 00| 0 eng d a1856498697 a13910582 aLK-CoMWRAFdLK-CoMWRAFeLK-CoMWRAF aeng a337bDIE aDierckxsens, Wim. aLímites de un capitalismo sin ciudadanía aThe Limits of Capitalism:bAn Approach to Globalization without Neoliberalism aColombo:bCentre for Society and Religion,c2001 ax, 170 p. : ill. ; 23 cm.bBibliography and index included aINTERNATIONAL ECONOMIC RELATIONS aGlobalization aCapitalism aCommon good aHutchcroft, Jayneetrans. cBK 00104070aMAINbMAINd2023-08-17l0o337 DIEpRAF1833r2023-08-17w2023-08-17yBK c343d343